Most Popular 100 Girl Names 2021 - UK - Statistics

General Stats
  • This quiz has been taken 56 times
  • The average score is 63 of 100
Answer Stats
Answer % Correct
1 O Olivia
98%
2 A Amelia
91%
43 E Eliza
89%
61 E Emma
89%
96 L Lilly
89%
7 L Lily
89%
67 A Ayla
86%
89 H Hannah
86%
3 I Isla
86%
97 A Anna
84%
4 A Ava
84%
19 E Emily
84%
33 I Isabelle
84%
9 M Mia
84%
23 | 30 S Sofia
84%
12 S Sophia
84%
60 E Elizabeth
82%
78 E Ellie
82%
5 I Ivy
82%
25 C Charlotte
80%
41 E Eva
80%
14 G Grace
80%
85 L Lucy
80%
68 R Rose
80%
34 R Ruby
80%
20 E Ella
77%
13 I Isabella
77%
11 R Rosie
77%
31 A Alice
75%
15 D Daisy
75%
6 F Freya
75%
100 S Sara
75%
10 W Willow
75%
72 B Bella
73%
55 E Eleanor
73%
8 F Florence
73%
27 M Millie
73%
73 M Molly
73%
38 P Penelope
73%
45 V Violet
73%
18 E Elsie
70%
21 E Evelyn
70%
17 P Poppy
70%
69 Z Zara
70%
24 E Evie
68%
52 C Chloe
66%
59 E Erin
66%
26 H Harper
66%
70 I Iris
66%
22 P Phoebe
66%
95 H Holly
64%
37 A Aria
61%
46 E Esme
61%
48 I Imogen
61%
64 L Lola
61%
75 M Maria
61%
16 S Sienna
61%
83 E Edith
59%
63 H Harriet
59%
92 J Jasmine
59%
35 L Luna
59%
36 M Maisie
59%
44 A Ada
57%
94 C Clara
57%
49 J Jessica
57%
86 M Myla
57%
74 O Olive
57%
40 B Bonnie
55%
79 G Gracie
55%
28 M Matilda
55%
29 | 39 M Maya
55%
53 L Layla
52%
62 S Scarlett
52%
56 A Aurora
50%
66 O Orla
50%
90 S Summer
50%
88 A Amber
48%
50 D Delilah
48%
98 C Lara
45%
87 A Amelie
43%
42 H Hallie
43%
47 A Arabella
41%
51 L Lottie
41%
91 E Eden
39%
32 E Emilia
39%
99 B Beatrice
36%
81 D Darcie
36%
58 M Mabel
36%
57 M Margot
36%
65 N Nancy
36%
84 H Heidi
34%
54 T Thea
34%
77 M Maeve
32%
82 M Maryam
32%
93 E Elodie
25%
76 L Lyla
25%
80 L Lyra
16%
71 R Robyn
14%
No matching quizzes found
Score Distribution
Percent of People with Each Score
Percentile by Number Answered
Your Score History
You have not taken this quiz